[Event "NB I. Maroczy csoport"]
[Site "Miskolc"]
[Date "2024.05.12"]
[Round "11.9"]
[White "Rakosi, Ferenc Dr"]
[Black "Kovacs, Tamas"]
[Result "0-1"]
[WhiteElo "1930"]
[BlackElo "2075"]
[PlyCount "138"]
[EventDate "2023.10.08"]
[EventType "team-tourn"]
[EventRounds "11"]
[EventCountry "HUN"]
[Source "chess.hu"]
[WhiteTeam "Magyar Sakkvilag-SMS"]
[BlackTeam "DVTK I."]
[WhiteTeamCountry "HUN"]
[BlackTeamCountry "HUN"]

1. d4 Nf6 2. Nf3 e6 3. Bf4 b6 4. Nbd2 Bb7 5. h3 Bd6 6. Bxd6 cxd6 7. e3 O-O 8.
Be2 Nc6 9. c3 Ne7 10. Qb3 Ne4 11. Nxe4 Bxe4 12. Qa3 d5 13. Qd6 Rc8 14. O-O Nf5
15. Qh2 Bxf3 16. Bxf3 Qc7 17. Be2 f6 18. Bd3 Nd6 19. Rab1 Nc4 20. Qxc7 Rxc7 21.
Bxc4 Rxc4 22. Rfd1 b5 23. Rd2 Rfc8 24. Kf1 Kf7 25. f4 h5 26. Ke2 Kg6 27. Kf3 a5
28. Re1 b4 29. cxb4 axb4 30. Ree2 Rc1 31. g3 R8c4 32. g4 h4 33. Rg2 Rh1 34. Rh2
Rg1 35. Rhg2 Rh1 36. Rh2 Rhc1 37. Rhg2 Rc6 38. Rh2 Ra1 39. b3 Rf1+ 40. Rdf2 Rc2
41. Rhg2 Rcxf2+ 42. Rxf2 Rg1 43. Rh2 d6 44. Ke2 e5 45. dxe5 dxe5 46. fxe5 fxe5
47. Kd3 Rg3 48. Kd2 e4 49. Ke2 Kf6 50. Kd2 Ke5 51. Ke2 g6 52. Kd2 Rg1 53. a4
bxa3 54. Kc3 Rb1 55. Ra2 Re1 56. Kd2 Rh1 57. Rxa3 Rxh3 58. Ra1 Rh2+ 59. Kc3 Re2
60. Rb1 Rxe3+ 61. Kd2 Rg3 62. b4 d4 63. Kc2 Rg2+ 64. Kb3 h3 65. Rh1 h2 66. b5
Kd6 67. Kc4 d3 68. Kd4 d2 69. Ke3 Rg1 0-1

[Event "NB I. Maroczy csoport"]
[Site "Miskolc"]
[Date "2024.05.12"]
[Round "11.10"]
[White "Rakaczki, Csaba"]
[Black "Szentmihalyi, Tamas"]
[Result "1/2-1/2"]
[WhiteElo "2101"]
[BlackElo "1830"]
[PlyCount "108"]
[EventDate "2023.10.08"]
[EventType "team-tourn"]
[EventRounds "11"]
[EventCountry "HUN"]
[Source "chess.hu"]
[WhiteTeam "DVTK I."]
[BlackTeam "Magyar Sakkvilag-SMS"]
[WhiteTeamCountry "HUN"]
[BlackTeamCountry "HUN"]

1. e4 d6 2. d4 Nf6 3. Nc3 g6 4. Be2 Bg7 5. h4 h5 6. Nf3 c6 7. a4 a5 8. Ng5 O-O
9. O-O Qb6 10. Bc4 Nbd7 11. Ne2 d5 12. exd5 cxd5 13. Bb5 Qd8 14. Bf4 Nb6 15. c3
Bd7 16. Bd3 Bc6 17. Ng3 Qd7 18. b3 Qg4 19. Qd2 Ne4 20. N5xe4 dxe4 21. Be2 Qe6
22. c4 Qc8 23. Rad1 e6 24. Qe3 e5 25. dxe5 Nd7 26. Nxe4 Bxe4 27. Qxe4 Re8 28.
Rfe1 Nxe5 29. Bxe5 Bxe5 30. Qf3 Qc7 31. g3 b6 32. Bf1 Rad8 33. Bg2 Bd6 34.
Rxe8+ Rxe8 35. Qd3 Bc5 36. Bd5 Kg7 37. Qf3 Re7 38. Kg2 Qe5 39. Rd2 Qe1 40. Qc3+
Qe5 41. Qd3 Bb4 42. Rc2 Bc5 43. Bf3 Qd4 44. Qf1 Qf6 45. Rd2 Qc3 46. Rd3 Qe1 47.
Qxe1 Rxe1 48. Rd2 Re2 49. Rd3 Re5 50. Bd5 Re2 51. Rf3 f6 52. Kf1 Re7 53. Rd3
Kh6 54. Bf3 Bb4 1/2-1/2

[Event "NB I. Maroczy csoport"]
[Site "Miskolc"]
[Date "2024.05.12"]
[Round "11.11"]
[White "Kunszt, Kazmer"]
[Black "Kovacs, Kristof"]
[Result "0-1"]
[WhiteElo "1894"]
[BlackElo "2093"]
[PlyCount "74"]
[EventDate "2023.10.08"]
[EventType "team-tourn"]
[EventRounds "11"]
[EventCountry "HUN"]
[Source "chess.hu"]
[WhiteTeam "Magyar Sakkvilag-SMS"]
[BlackTeam "DVTK I."]
[WhiteTeamCountry "HUN"]
[BlackTeamCountry "HUN"]

1. d4 d5 2. Nf3 Nf6 3. Bf4 e6 4. e3 Bd6 5. Bg3 c5 6. c3 Qc7 7. Nbd2 Nbd7 8. a4
O-O 9. Bd3 e5 10. dxe5 Nxe5 11. Nxe5 Bxe5 12. Nf3 Bxg3 13. hxg3 h6 14. Qc2 Re8
15. Bf5 Ne4 16. Bxc8 Raxc8 17. O-O Rcd8 18. Rfd1 b6 19. c4 dxc4 20. Qxc4 Nd6
21. Qc2 Nb7 22. g4 Qe7 23. Rxd8 Nxd8 24. Rd1 Nc6 25. Qf5 Qe4 26. Rd7 Qxf5 27.
gxf5 Re4 28. b3 c4 29. bxc4 Rxc4 30. Rc7 Rc5 31. g4 Ne5 32. Rxc5 Nxf3+ 33. Kg2
Nh4+ 34. Kg3 bxc5 35. Kf4 g6 36. f6 h5 37. Ke5 Nf3+ 0-1

[Event "NB I. Maroczy csoport"]
[Site "Miskolc"]
[Date "2024.05.12"]
[Round "11.12"]
[White "Ress, Amira"]
[Black "Kajtar, Dora"]
[Result "1-0"]
[WhiteElo "1734"]
[BlackElo "1768"]
[PlyCount "101"]
[EventDate "2023.10.08"]
[EventType "team-tourn"]
[EventRounds "11"]
[EventCountry "HUN"]
[Source "chess.hu"]
[WhiteTeam "DVTK I."]
[BlackTeam "Magyar Sakkvilag-SMS"]
[WhiteTeamCountry "HUN"]
[BlackTeamCountry "HUN"]

1. d4 d6 2. c4 g6 3. g3 Bg7 4. Bg2 Nf6 5. Nc3 O-O 6. e4 e5 7. dxe5 dxe5 8. Qxd8
Rxd8 9. Bg5 c6 10. Nf3 h6 11. Bxf6 Bxf6 12. O-O Be6 13. b3 Rd3 14. Na4 Na6 15.
Rfd1 Rad8 16. Nb2 R3d7 17. Rxd7 Rxd7 18. Rd1 Nb4 19. Rxd7 Bxd7 20. a3 Nc2 21.
Nd3 Nxa3 22. Nfxe5 Bxe5 23. Nxe5 Be6 24. Bf1 Nb1 25. Bd3 Nd2 26. Bc2 Kg7 27.
Kg2 f5 28. exf5 Bxf5 29. Bxf5 gxf5 30. b4 Kf6 31. f4 Ke6 32. Kf2 c5 33. b5 a5
34. bxa6 bxa6 35. Ke2 Ne4 36. Kd3 Nf6 37. Kc3 Ne4+ 38. Kb3 Nd2+ 39. Ka4 Nf1 40.
Nf3 Ne3 41. Nd2 Nc2 42. Ka5 Nb4 43. Kb6 Kd6 44. Nb3 Nd5+ 45. cxd5 c4 46. Nc1
Kxd5 47. Kxa6 h5 48. Kb5 Kd4 49. Kb4 Ke3 50. Kxc4 h4 51. Kd5 1-0

[Event "NB I. Maroczy csoport"]
[Site "Budapest"]
[Date "2024.05.12"]
[Round "11.1"]
[White "Urhegyi, Marton"]
[Black "Varga, Csaba Zoltan"]
[Result "1-0"]
[WhiteElo "2195"]
[BlackElo "2149"]
[PlyCount "115"]
[EventDate "2023.10.08"]
[EventType "team-tourn"]
[EventRounds "11"]
[EventCountry "HUN"]
[Source "chess.hu"]
[WhiteTeam "Aquarena Kobanya  II"]
[BlackTeam "Dr.  Hetenyi Geza SK"]
[WhiteTeamCountry "HUN"]
[BlackTeamCountry "HUN"]

1. e4 d6 2. d4 Nf6 3. Nc3 e5 4. dxe5 dxe5 5. Qxd8+ Kxd8 6. Bg5 Bd6 7. O-O-O a6
8. Nf3 Nbd7 9. Bxf6+ gxf6 10. Bc4 Ke8 11. Nh4 Nb6 12. Bb3 Bc5 13. Rhf1 Rg8 14.
h3 Be6 15. g4 h5 16. f3 Bd4 17. Ne2 Be3+ 18. Kb1 Nc4 19. Ka1 Nd2 20. Rh1 a5 21.
Ng3 Nxb3+ 22. cxb3 Bg5 23. Nhf5 h4 24. Ne2 Bxf5 25. exf5 Rd8 26. Nc3 c6 27.
Rxd8+ Kxd8 28. Rd1+ Ke7 29. Ne4 Ra8 30. Rd3 b5 31. Kb1 Rd8 32. Rxd8 Kxd8 33.
Nd6 Ke7 34. Nb7 Kd7 35. Kc2 Kc7 36. Nxa5 c5 37. b4 cxb4 38. Nb3 Kd6 39. Kd3 Kd5
40. Na1 Bc1 41. b3 e4+ 42. fxe4+ Ke5 43. Nc2 Kf4 44. Nxb4 Kg3 45. Ke2 Kxh3 46.
Kf3 Bd2 47. Nd5 Kh2 48. Kf2 b4 49. Nxf6 Bc3 50. g5 Bd4+ 51. Kf3 Kg1 52. Ng4 h3
53. Kf4 Kg2 54. g6 fxg6 55. fxg6 Bg7 56. e5 Bh6+ 57. Kf5 Kg1 58. e6 1-0

[Event "NB I. Maroczy csoport"]
[Site "Budapest"]
[Date "2024.05.12"]
[Round "11.3"]
[White "Vicsai, Gabor"]
[Black "Seres, Bela"]
[Result "1/2-1/2"]
[WhiteElo "2224"]
[BlackElo "2123"]
[PlyCount "26"]
[EventDate "2023.10.08"]
[EventType "team-tourn"]
[EventRounds "11"]
[EventCountry "HUN"]
[Source "chess.hu"]
[WhiteTeam "Aquarena Kobanya  II"]
[BlackTeam "Dr.  Hetenyi Geza SK"]
[WhiteTeamCountry "HUN"]
[BlackTeamCountry "HUN"]

1. d4 e6 2. c4 d5 3. Nc3 dxc4 4. e4 c5 5. Nf3 cxd4 6. Qxd4 Qxd4 7. Nxd4 a6 8.
Bxc4 Bd7 9. Be3 Nc6 10. Nxc6 Bxc6 11. Rc1 Bb4 12. f3 Nf6 13. O-O O-O 1/2-1/2

[Event "NB I. Maroczy csoport"]
[Site "Budapest"]
[Date "2024.05.12"]
[Round "11.4"]
[White "Pervai, Laszlo"]
[Black "Koczo, Kristof"]
[Result "0-1"]
[WhiteElo "2000"]
[BlackElo "2026"]
[PlyCount "92"]
[EventDate "2023.10.08"]
[EventType "team-tourn"]
[EventRounds "11"]
[EventCountry "HUN"]
[Source "chess.hu"]
[WhiteTeam "Dr.  Hetenyi Geza SK"]
[BlackTeam "Aquarena Kobanya  II"]
[WhiteTeamCountry "HUN"]
[BlackTeamCountry "HUN"]

1. e4 c6 2. d4 d5 3. exd5 cxd5 4. c4 Nf6 5. Nc3 Nc6 6. Bg5 e6 7. Nf3 Be7 8. c5
O-O 9. Bb5 Ne4 10. Nxe4 dxe4 11. Bxc6 bxc6 12. Bxe7 Qxe7 13. Nd2 Qg5 14. O-O e3
15. Ne4 Qd5 16. Nc3 exf2+ 17. Rxf2 Qd7 18. Ne4 Qd5 19. Nd6 e5 20. b4 Qxd4 21.
Qxd4 exd4 22. a4 a6 23. Rd1 Be6 24. Rxd4 Bb3 25. Rdf4 Rab8 26. Re2 Bxa4 27. Re7
Bb3 28. g4 Ra8 29. Rc7 Bd5 30. Nf5 g5 31. Ne7+ Kg7 32. Rf5 Be6 33. Rxg5+ Kf6
34. Rh5 Bxg4 35. Rxh7 a5 36. bxa5 Rxa5 37. Rh6+ Kg5 38. Rcxc6 Re8 39. h4+ Kf4
40. Rhf6+ Kg3 41. Nf5+ Kh3 42. Nh6 Re2 43. Rf1 Rg2+ 44. Kh1 Rh2+ 45. Kg1 Raa2
46. Nxg4 Rag2# 0-1

[Event "NB I. Maroczy csoport"]
[Site "Budapest"]
[Date "2024.05.12"]
[Round "11.5"]
[White "Szabo, Marton Nandor"]
[Black "Kormos, Andras"]
[Result "1-0"]
[WhiteElo "2025"]
[BlackElo "2043"]
[PlyCount "83"]
[EventDate "2023.10.08"]
[EventType "team-tourn"]
[EventRounds "11"]
[EventCountry "HUN"]
[Source "chess.hu"]
[WhiteTeam "Aquarena Kobanya  II"]
[BlackTeam "Dr.  Hetenyi Geza SK"]
[WhiteTeamCountry "HUN"]
[BlackTeamCountry "HUN"]

1. d4 g6 2. c4 Bg7 3. Nc3 d6 4. e4 Nc6 5. d5 Nd4 6. Nge2 c5 7. Be3 Qb6 8. Rb1
Bd7 9. b4 Nxe2 10. Nxe2 Nf6 11. Qc2 Nxe4 12. f3 Nf6 13. bxc5 Qa5+ 14. Qd2 Qa6
15. cxd6 exd6 16. Nd4 O-O 17. Bd3 Rfe8 18. O-O b6 19. c5 Qa5 20. c6 Qxd2 21.
Bxd2 Nxd5 22. cxd7 Bxd4+ 23. Kh1 Re7 24. Be4 Rxd7 25. Bxd5 Rc8 26. Rbc1 Rc5 27.
Bb3 Kg7 28. Bb4 Rxc1 29. Rxc1 Bc5 30. Bc3+ Kf8 31. Bd5 Re7 32. Re1 Rc7 33. Bb2
b5 34. g4 a5 35. Bf6 h6 36. Bd8 Ra7 37. Bc6 Kg7 38. Bxb5 Bb4 39. Re2 d5 40. Bb6
Rb7 41. Bd4+ Kh7 42. Re8 1-0

[Event "NB I. Maroczy csoport"]
[Site "Budapest"]
[Date "2024.05.12"]
[Round "11.7"]
[White "Karacsonyi, Bank"]
[Black "Novaky, Csaba"]
[Result "0-1"]
[WhiteElo "1994"]
[BlackElo "2086"]
[PlyCount "84"]
[EventDate "2023.10.08"]
[EventType "team-tourn"]
[EventRounds "11"]
[EventCountry "HUN"]
[Source "chess.hu"]
[WhiteTeam "Aquarena Kobanya  II"]
[BlackTeam "Dr.  Hetenyi Geza SK"]
[WhiteTeamCountry "HUN"]
[BlackTeamCountry "HUN"]

1. e4 e5 2. Nf3 Nc6 3. Bc4 Bc5 4. O-O Nf6 5. Re1 O-O 6. d3 h6 7. c3 d6 8. Nbd2
Be6 9. Bb3 Bb6 10. Nf1 Ne7 11. Ng3 Ng6 12. h3 Re8 13. Nh2 d5 14. Qf3 Nh4 15.
Qe2 Qd7 16. Nh5 Nh7 17. Ng4 Bxg4 18. hxg4 c6 19. g3 Ng6 20. a4 a5 21. Qf3 Rad8
22. Kg2 Re6 23. Rh1 Ngf8 24. g5 hxg5 25. g4 g6 26. exd5 cxd5 27. Bxg5 gxh5 28.
Bxd8 Qxd8 29. Qxd5 Qxd5+ 30. Bxd5 Rd6 31. Bxb7 hxg4 32. Rad1 Ne6 33. Be4 Nf6
34. Rhe1 Nh5 35. Bf5 Nef4+ 36. Kf1 g3 37. Rxe5 g2+ 38. Kg1 Ng3 39. Bg4 Rh6 40.
Bh5 Ngxh5 41. Rf5 Rg6 42. d4 Bc7 0-1

[Event "NB I. Maroczy csoport"]
[Site "Budapest"]
[Date "2024.05.12"]
[Round "11.8"]
[White "Haszon, Kamilla Sara"]
[Black "Castillo Sanjuan, Daniel"]
[Result "1-0"]
[WhiteElo "1997"]
[BlackElo "2003"]
[PlyCount "49"]
[EventDate "2023.10.08"]
[EventType "team-tourn"]
[EventRounds "11"]
[EventCountry "HUN"]
[Source "chess.hu"]
[WhiteTeam "Dr.  Hetenyi Geza SK"]
[BlackTeam "Aquarena Kobanya  II"]
[WhiteTeamCountry "HUN"]
[BlackTeamCountry "HUN"]

1. e4 e5 2. Nf3 Nc6 3. Bb5 a6 4. Ba4 Nf6 5. O-O b5 6. Bb3 Nxe4 7. d4 d5 8. dxe5
Be6 9. c3 Be7 10. Nd4 Qd7 11. Nxe6 fxe6 12. Nd2 Nxd2 13. Bxd2 Nxe5 14. Re1 Ng6
15. Qh5 c6 16. Bc2 O-O-O 17. Rxe6 Kb7 18. Rae1 Qc7 19. Bxg6 hxg6 20. Qxh8 Bg5
21. Qh7 Bxd2 22. R1e2 Bc1 23. Re7 Rd7 24. Qxg7 Kc8 25. Qf8+ 1-0

[Event "NB I. Maroczy csoport"]
[Site "Budapest"]
[Date "2024.05.12"]
[Round "11.9"]
[White "Fodor, Miklos"]
[Black "Gelle, Istvan"]
[Result "0-1"]
[WhiteElo "2095"]
[BlackElo "2147"]
[PlyCount "92"]
[EventDate "2023.10.08"]
[EventType "team-tourn"]
[EventRounds "11"]
[EventCountry "HUN"]
[Source "chess.hu"]
[WhiteTeam "Aquarena Kobanya  II"]
[BlackTeam "Dr.  Hetenyi Geza SK"]
[WhiteTeamCountry "HUN"]
[BlackTeamCountry "HUN"]

1. e4 c6 2. d4 d5 3. e5 Bf5 4. Nf3 e6 5. Be2 Nd7 6. O-O Ne7 7. Re1 h6 8. c4
dxc4 9. Bxc4 Nb6 10. Bf1 Ned5 11. a3 Be7 12. Nc3 O-O 13. Ne4 a5 14. Ng3 Bg6 15.
Bd3 a4 16. Qc2 Qe8 17. Bd2 Nd7 18. h4 Ra6 19. h5 Bxd3 20. Qxd3 c5 21. Ne4 f5
22. exf6 N5xf6 23. Nxc5 Bxc5 24. dxc5 Nxc5 25. Qc4 Nb3 26. Rad1 Qxh5 27. Rxe6
Qf7 28. Rde1 b5 29. Qe2 Rxe6 30. Qxe6 Nxd2 31. Nxd2 Qxe6 32. Rxe6 Rc8 33. Ne4
Rc1+ 34. Kh2 Kf7 35. Rb6 Nxe4 36. Rxb5 Rc2 37. b3 axb3 38. Rxb3 Nxf2 39. a4 Ra2
40. a5 Ne4 41. Rb5 Nd6 42. Rc5 Ke6 43. Kh3 g5 44. g4 Ra3+ 45. Kg2 Ra4 46. Kh3
Rc4 0-1

[Event "NB I. Maroczy csoport"]
[Site "Budapest"]
[Date "2024.05.12"]
[Round "11.10"]
[White "Gardo, Jozsef"]
[Black "Karacsonyi, Luca"]
[Result "0-1"]
[WhiteElo "1862"]
[BlackElo "1921"]
[PlyCount "70"]
[EventDate "2023.10.08"]
[EventType "team-tourn"]
[EventRounds "11"]
[EventCountry "HUN"]
[Source "chess.hu"]
[WhiteTeam "Dr.  Hetenyi Geza SK"]
[BlackTeam "Aquarena Kobanya  II"]
[WhiteTeamCountry "HUN"]
[BlackTeamCountry "HUN"]

1. e4 c5 2. Nf3 Nc6 3. Bb5 g6 4. Bxc6 bxc6 5. O-O Bg7 6. d3 Nf6 7. Re1 O-O 8.
h3 Rb8 9. Nc3 d5 10. e5 Nd7 11. Rb1 e6 12. Bg5 f6 13. exf6 Nxf6 14. Ne5 Qd6 15.
Nf3 Nh5 16. Qd2 Nf4 17. Bxf4 Rxf4 18. Ne2 Rf8 19. c3 Ba6 20. d4 cxd4 21. cxd4
Rb7 22. Ng5 Bh6 23. h4 Bxg5 24. Qxg5 Rbf7 25. f3 Qb4 26. Qe3 Qe7 27. Qf2 e5 28.
dxe5 Qxe5 29. Nd4 Qh5 30. Nxc6 Bd3 31. Rbd1 Be4 32. Nd4 Rf4 33. Ne6 Rxh4 34.
Kf1 Bxf3 35. Qe3 Be2+ 0-1

[Event "NB I. Maroczy csoport"]
[Site "Budapest"]
[Date "2024.05.12"]
[Round "11.11"]
[White "Dobos, Daniel"]
[Black "Paksi, Gyula"]
[Result "1/2-1/2"]
[WhiteElo "1864"]
[BlackElo "1829"]
[PlyCount "33"]
[EventDate "2023.10.08"]
[EventType "team-tourn"]
[EventRounds "11"]
[EventCountry "HUN"]
[Source "chess.hu"]
[WhiteTeam "Aquarena Kobanya  II"]
[BlackTeam "Dr.  Hetenyi Geza SK"]
[WhiteTeamCountry "HUN"]
[BlackTeamCountry "HUN"]

1. e4 c6 2. d4 d5 3. e5 Bf5 4. Nd2 e6 5. Nb3 Nd7 6. Nf3 h6 7. Be2 a6 8. a4 c5
9. dxc5 Nxc5 10. Nxc5 Bxc5 11. c3 Ne7 12. Bd3 Bxd3 13. Qxd3 Nc6 14. O-O O-O 15.
Kh1 Rc8 16. Bf4 Be7 17. Qe2 1/2-1/2

[Event "NB I. Maroczy csoport"]
[Site "Budapest"]
[Date "2024.05.12"]
[Round "11.12"]
[White "Stump, Ferenc"]
[Black "Golya, Mate"]
[Result "0-1"]
[WhiteElo "1639"]
[BlackElo "1690"]
[PlyCount "38"]
[EventDate "2023.10.08"]
[EventType "team-tourn"]
[EventRounds "11"]
[EventCountry "HUN"]
[Source "chess.hu"]
[WhiteTeam "Dr.  Hetenyi Geza SK"]
[BlackTeam "Aquarena Kobanya  II"]
[WhiteTeamCountry "HUN"]
[BlackTeamCountry "HUN"]

1. e4 c5 2. c3 e6 3. Nf3 Nc6 4. d4 d5 5. e5 cxd4 6. cxd4 Bb4+ 7. Bd2 Bxd2+ 8.
Qxd2 Nge7 9. Bd3 Qb6 10. Qc3 Bd7 11. O-O Rc8 12. a3 Nxe5 13. Qd2 Nxf3+ 14. gxf3
Qxd4 15. Nc3 Qf6 16. Rac1 O-O 17. Be2 Bc6 18. Rcd1 Nf5 19. Rfe1 Nh4 0-1

[Event "NB I. Maroczy csoport"]
[Site "Kecskemet"]
[Date "2024.05.12"]
[Round "11.1"]
[White "Emodi, Barnabas"]
[Black "Groszpeter, Attila"]
[Result "1/2-1/2"]
[WhiteElo "2325"]
[BlackElo "2425"]
[PlyCount "20"]
[EventDate "2023.10.08"]
[EventType "team-tourn"]
[EventRounds "11"]
[EventCountry "HUN"]
[Source "chess.hu"]
[WhiteTeam "DEAC-Debr.Sakkiskola"]
[BlackTeam "Neumann J. Egyetem"]
[WhiteTeamCountry "HUN"]
[BlackTeamCountry "HUN"]

1. d4 d5 2. Nf3 e6 3. c4 Nf6 4. cxd5 exd5 5. Nc3 c6 6. Bg5 Be7 7. Bxf6 Bxf6 8.
e3 Bf5 9. Bd3 Bxd3 10. Qxd3 O-O 1/2-1/2

[Event "NB I. Maroczy csoport"]
[Site "Kecskemet"]
[Date "2024.05.12"]
[Round "11.2"]
[White "Balazs, Gabor"]
[Black "Deak, Sandor"]
[Result "1-0"]
[WhiteElo "2366"]
[BlackElo "2238"]
[PlyCount "44"]
[EventDate "2023.10.08"]
[EventType "team-tourn"]
[EventRounds "11"]
[EventCountry "HUN"]
[Source "chess.hu"]
[WhiteTeam "Neumann J. Egyetem"]
[BlackTeam "DEAC-Debr.Sakkiskola"]
[WhiteTeamCountry "HUN"]
[BlackTeamCountry "HUN"]

1. d4 Nf6 2. c4 e6 3. Nc3 Bb4 4. e3 c5 5. Bd3 Nc6 6. Nf3 d6 7. O-O Bxc3 8. bxc3
e5 9. Nd2 O-O 10. d5 Ne7 11. Qc2 h6 12. h3 Ne8 13. f4 f5 14. e4 exf4 15. exf5
Bxf5 16. Rxf4 Qd7 17. Ne4 g5 18. Rf1 Ng7 19. Bd2 Ng6 20. Rae1 Nh4 21. Re3 Nxg2
22. Kxg2 Bxh3+ 1-0

[Event "NB I. Maroczy csoport"]
[Site "Kecskemet"]
[Date "2024.05.12"]
[Round "11.3"]
[White "Laszlo, Janos"]
[Black "Marosi, Levente"]
[Result "1/2-1/2"]
[WhiteElo "2162"]
[BlackElo "2288"]
[PlyCount "85"]
[EventDate "2023.10.08"]
[EventType "team-tourn"]
[EventRounds "11"]
[EventCountry "HUN"]
[Source "chess.hu"]
[WhiteTeam "DEAC-Debr.Sakkiskola"]
[BlackTeam "Neumann J. Egyetem"]
[WhiteTeamCountry "HUN"]
[BlackTeamCountry "HUN"]

1. e4 c6 2. d4 d5 3. exd5 cxd5 4. c4 Nf6 5. Nc3 Nc6 6. cxd5 Nxd5 7. Bc4 Nb6 8.
Bb5 a6 9. Bxc6+ bxc6 10. Nf3 Bg4 11. h3 Bxf3 12. Qxf3 Nd5 13. O-O e6 14. Ne4
Be7 15. Bd2 O-O 16. Rfd1 Qb6 17. Bc3 Rfd8 18. Rac1 Nf6 19. b3 Rd5 20. Bb2 Nxe4
21. Qxe4 a5 22. Rc4 a4 23. Rdc1 Ra6 24. Qc2 axb3 25. axb3 Rd6 26. Ra4 Rxa4 27.
bxa4 Rd8 28. Bc3 Bf6 29. a5 Qa6 30. Qa4 h6 31. Be1 Rxd4 32. Qxc6 Qxc6 33. Rxc6
Ra4 34. Kf1 Bd4 35. Rc2 e5 36. Ke2 Kf8 37. f3 Ke7 38. g4 Ke6 39. Bd2 Kd5 40.
Rc7 Ra2 41. Rxf7 Bc3 42. Rd7+ Ke6 43. Rd3 1/2-1/2

[Event "NB I. Maroczy csoport"]
[Site "Kecskemet"]
[Date "2024.05.12"]
[Round "11.4"]
[White "Soos, Arpad"]
[Black "Dibusz, Domonkos"]
[Result "1-0"]
[WhiteElo "2339"]
[BlackElo "2088"]
[PlyCount "129"]
[EventDate "2023.10.08"]
[EventType "team-tourn"]
[EventRounds "11"]
[EventCountry "HUN"]
[Source "chess.hu"]
[WhiteTeam "Neumann J. Egyetem"]
[BlackTeam "DEAC-Debr.Sakkiskola"]
[WhiteTeamCountry "HUN"]
[BlackTeamCountry "HUN"]

1. e4 e5 2. Nf3 Nc6 3. Bc4 Bc5 4. c3 Nf6 5. d3 a6 6. Bb3 d6 7. O-O Ba7 8. Nbd2
O-O 9. h3 Be6 10. Bc2 h6 11. Re1 Re8 12. Nf1 d5 13. exd5 Bxd5 14. Ng3 Qd7 15.
Be3 Bxe3 16. Rxe3 Rad8 17. Qe2 Bxf3 18. Rxf3 Nd5 19. Qe4 g6 20. Bb3 Kg7 21. Re1
Nf4 22. Qa4 Re7 23. Ne4 Qe8 24. g3 b5 25. Qa3 Rxd3 26. Rxd3 Nxd3 27. Rd1 f5 28.
Rxd3 fxe4 29. Re3 Nd4 30. cxd4 exd4 31. Re2 Re5 32. Qa5 Qe7 33. Qd2 c5 34. Bd1
Qf6 35. Qf4 Qe6 36. Bc2 g5 37. Qg4 Qxg4 38. hxg4 e3 39. fxe3 c4 40. Bf5 d3 41.
Re1 b4 42. Kf2 d2 43. Rf1 Ra5 44. Bb1 c3 45. bxc3 bxc3 46. Ke2 Rd5 47. Bc2 a5
48. e4 Rd6 49. Rf3 d1=Q+ 50. Bxd1 Rd2+ 51. Ke1 Rxa2 52. Rxc3 Kf6 53. Rc5 Rg2
54. Rxa5 Rxg3 55. Kf2 Rd3 56. Be2 Rh3 57. e5+ Ke7 58. Bf3 Rh4 59. Kg3 Kd7 60.
Bd5 Kd8 61. e6 h5 62. gxh5 Rxh5 63. Ra8+ Ke7 64. Ra7+ Kf6 65. Rf7+ 1-0

[Event "NB I. Maroczy csoport"]
[Site "Kecskemet"]
[Date "2024.05.12"]
[Round "11.5"]
[White "Bai, Attila"]
[Black "Siklosi, Zoltan"]
[Result "0-1"]
[WhiteElo "2127"]
[BlackElo "2274"]
[PlyCount "102"]
[EventDate "2023.10.08"]
[EventType "team-tourn"]
[EventRounds "11"]
[EventCountry "HUN"]
[Source "chess.hu"]
[WhiteTeam "DEAC-Debr.Sakkiskola"]
[BlackTeam "Neumann J. Egyetem"]
[WhiteTeamCountry "HUN"]
[BlackTeamCountry "HUN"]

1. d4 d5 2. Bf4 Nf6 3. e3 e6 4. Bd3 Bd6 5. Bg3 c5 6. c3 Nc6 7. Nf3 Bxg3 8. hxg3
Qd6 9. Nbd2 e5 10. dxe5 Nxe5 11. Nxe5 Qxe5 12. Bb5+ Ke7 13. Nf3 Qc7 14. Qc2 h6
15. Bd3 Rd8 16. Nh4 Kf8 17. O-O Be6 18. Rad1 Rd6 19. e4 dxe4 20. Bxe4 Rxd1 21.
Rxd1 Bxa2 22. c4 Bb3 23. Qxb3 Nxe4 24. Qd3 Nf6 25. Nf5 Re8 26. Ne3 g6 27. Nd5
Nxd5 28. cxd5 Qd6 29. f4 f5 30. Qc3 Kf7 31. Kh2 h5 32. Qb3 b6 33. Qa4 Re7 34.
b3 Kg8 35. Kh3 Kh7 36. Qc6 Qxc6 37. dxc6 Re6 38. Rd7+ Kh6 39. Rxa7 Rxc6 40. Rb7
g5 41. Kh2 Rd6 42. Kg1 gxf4 43. gxf4 h4 44. Kf2 Kh5 45. Ke3 Rg6 46. Kd3 Kg4 47.
Rh7 Rd6+ 48. Ke3 Re6+ 49. Kd3 Re4 50. Rh6 Rb4 51. Kc3 Kg3 0-1

[Event "NB I. Maroczy csoport"]
[Site "Kecskemet"]
[Date "2024.05.12"]
[Round "11.6"]
[White "Marta, Dominik"]
[Black "Kiss, Gergely Dr"]
[Result "1-0"]
[WhiteElo "2136"]
[BlackElo "2065"]
[PlyCount "67"]
[EventDate "2023.10.08"]
[EventType "team-tourn"]
[EventRounds "11"]
[EventCountry "HUN"]
[Source "chess.hu"]
[WhiteTeam "Neumann J. Egyetem"]
[BlackTeam "DEAC-Debr.Sakkiskola"]
[WhiteTeamCountry "HUN"]
[BlackTeamCountry "HUN"]

1. d4 d5 2. c4 c6 3. e3 Nf6 4. Nc3 g6 5. Nf3 Bg7 6. Qb3 O-O 7. a4 a5 8. cxd5
cxd5 9. Ne5 e6 10. Bd2 Nfd7 11. Nxd7 Nxd7 12. Rc1 e5 13. dxe5 Nxe5 14. Qxd5 Qh4
15. Qe4 Ng4 16. g3 Qd8 17. Qg2 Qb6 18. Bb5 Be6 19. h3 Ne5 20. Ne2 Rfd8 21. Bc3
Bd5 22. e4 Bb3 23. O-O Rac8 24. Kh2 Nc4 25. Bxg7 Kxg7 26. Rc3 Nd2 27. Rfc1 Rxc3
28. Rxc3 Bd1 29. Nf4 Rd4 30. f3 Nb1 31. Rd3 Rxd3 32. Bxd3 Qd4 33. Bxb1 Bxf3 34.
Qc2 1-0

[Event "NB I. Maroczy csoport"]
[Site "Kecskemet"]
[Date "2024.05.12"]
[Round "11.7"]
[White "Donka, Peter"]
[Black "Kovacs, Adrian"]
[Result "1-0"]
[WhiteElo "1957"]
[BlackElo "2209"]
[PlyCount "135"]
[EventDate "2023.10.08"]
[EventType "team-tourn"]
[EventRounds "11"]
[EventCountry "HUN"]
[Source "chess.hu"]
[WhiteTeam "DEAC-Debr.Sakkiskola"]
[BlackTeam "Neumann J. Egyetem"]
[WhiteTeamCountry "HUN"]
[BlackTeamCountry "HUN"]

1. d4 Nf6 2. Nf3 c5 3. e3 g6 4. dxc5 Qa5+ 5. Nbd2 Bg7 6. a3 Qxc5 7. c4 Qc7 8.
b4 Nd5 9. Nd4 Nf6 10. Bb2 Nc6 11. N2f3 b6 12. Be2 Bb7 13. O-O Rc8 14. Rc1 O-O
15. Nxc6 Qxc6 16. c5 b5 17. Qd3 a6 18. Rfd1 Rfd8 19. Qb1 Ne8 20. Ne1 Qc7 21.
Bf3 Bc6 22. Bxc6 dxc6 23. Nf3 Bf6 24. Qa1 Rxd1+ 25. Rxd1 Rd8 26. Rxd8 Qxd8 27.
Bxf6 Nxf6 28. Qd4 Qc8 29. h3 h5 30. Ne5 Nd5 31. Kh2 a5 32. bxa5 Qc7 33. g3 h4
34. e4 hxg3+ 35. fxg3 Nf6 36. a6 Nh5 37. Qc3 g5 38. Ng4 f6 39. Nh6+ Kf8 40. Nf5
Ng7 41. Nd4 Qd7 42. Nc2 Ne6 43. Qa5 Qa7 44. Qc3 Qxa6 45. e5 Kf7 46. Nb4 Qc8 47.
Qf3 Nxc5 48. Nxc6 Qc7 49. Qd5+ Ne6 50. Qxb5 Qd7 51. Qc4 Qd2+ 52. Kg1 Qe3+ 53.
Kg2 Qxa3 54. Nd8+ Ke8 55. Nxe6 Qb2+ 56. Kf3 Qxe5 57. Qe4 Qc3+ 58. Kg4 Kf7 59.
Nd4 Qc8+ 60. Qf5 Qc4 61. Qh7+ Ke8 62. Qe4 e5 63. Qc6+ Qxc6 64. Nxc6 Kd7 65. Nb4
Ke6 66. Nc2 e4 67. Ne3 Ke5 68. Ng2 1-0